End of Imagination (Record no. 12344)

MARC details
000 -LEADER
fixed length control field 00559nam a2200241 a 4500
020 ## - INTERNATIONAL STANDARD BOOK NUMBER
ISBN 8171308
082 00 - DEWEY DECIMAL CLASSIFICATION NUMBER
Classification number 303.66
Author Cutter ROY
100 ## - MAIN ENTRY--AUTHOR NAME
Author name Roy, Arundhati
245 ## - TITLE STATEMENT
Title End of Imagination
260 ## - PUBLICATION, DISTRIBUTION, ETC. (IMPRINT)
Place of publication Kottayam
Name of publisher D.C.Books
Year of publication 1998
300 ## - PHYSICAL DESCRIPTION
Number of Pages 56p
500 ## - GENERAL NOTE
General note includes index and biblioraphy
505 2# - FORMATTED CONTENTS NOTE
Formatted contents note Index
650 ## - SUBJECT ADDED ENTRY--TOPICAL TERM
Topical Term Peace
942 ## - ADDED ENTRY ELEMENTS (KOHA)
Koha item type Books
700 1# -
-- Roy, Arundhati
Holdings
Collection code Home library Current library Date acquired Cost, normal purchase price Full call number Accession Number Koha item type
  Henry Martyn Institute Library Henry Martyn Institute Library 10/05/2007 48.00 303.66 ROY 019080 Books
                   Copyright © 2026 | Henry Martyn Institute | Hyderabad | TS-500052 | INDIA | Implemented by hmi.edu.in
Hit-Count:

Powered by Koha